{"text_format":"1","workbook":"xlsx","n_sheets":3,"sheets":["ALMOXARIFADO","AUDITÓRIO_BLC CENTRAL","Plan1"],"not_rendered":{"charts":0,"images":1,"macros":1,"external_links":0,"defined_names":0,"comments":0,"pivot_tables":0},"unopened":[],"bounds":{"document_bytes":16777216,"sheet_cells":100000,"rows_first":2000,"rows_last":500,"rows_between":2000,"halvings":0,"cell_chars":16384,"cell_head_chars":4096},"cells_cut":0,"cells_raw":0,"read":"whole","date_system":"1900"}

{"sheet":"ALMOXARIFADO","index":0,"n_rows":94,"n_cols":14,"rows_kept":94,"cut":false,"hidden":false,"merged":[]}
[null,null,"PLANILHA DE ORÇAMENTO"]
[]
[null,null,"EDIFICAÇÃO  PARA ALMOXARIFADO, UNIDADE II                "]
[null,null,"                        Av. Dr.ISMAEL ALONSO Y ALONSO,"]
[null,null,"Bairro São José, no Câmpus II da FACEF, em FRANCA, SP.",null,null,null,null,null,null,"BDI"]
[null,null,"fonte FDE LS=122% - BDI=15%",null,null,null,null,null,null,0.23]
[]
["CODIGO","Item","DESCRIMINAÇÃO DO SERVIÇO","UN","QTDE","UNIT","TOTAL","%","MEDIÇÃO","UNIT",null,"VALOR","SALDO"]
[null,null,null,null,null,null,null,null,"1ª",null,null,"R$","R$"]
[null,1,"INSTALACAO DO CANTEIRO DE OBRA",null,null,null,{"$f":"SUM(G11:G15)","v":1969.395606504065}]
["13.50.001",null,"DEMOLICAO DE PISO DE CONCRETO SIMPLES CAPEADO","m³",0.67200000000000004,{"$f":"K11","v":138.06544715447151},{"$f":"F11*E11","v":92.779980487804863},100,100,147.66999999999999,{"$f":"J11/1.23*1.15","v":138.06544715447151},{"$f":"G11","v":92.779980487804863},{"$f":"G11-L11","v":0}]
["16.80.098",null,"REMOÇÃO DE ENTULHO ","m³",5,{"$f":"K12","v":32.396341463414629},{"$f":"F12*E12","v":161.98170731707313},100,100,34.65,{"$f":"J12/1.23*1.15","v":32.396341463414629},{"$f":"G12","v":161.98170731707313},{"$f":"G12-L12","v":0}]
["16.06,050",null,"ABRIGO PROVISORIO PARA ALOJAMENTO E DEPOSITO DE MATERIAIS E FERRAMENTAS","m²",6,214.2459349593496,{"$f":"F13*E13","v":1285.4756097560976},100,100,229.15,214.2459349593496,{"$f":"G13","v":1285.4756097560976},0]
[21002,null,"LOCACAO DA OBRA: EXECUCAO DE GABARITO","m²",47.03,2.5524390243902437,{"$f":"F14*E14","v":120.04120731707316},100,100,2.73,2.5524390243902437,{"$f":"G14","v":120.04120731707316},0]
["16.06.065",null,"ANDAIME - ALUGUEL MENSAL ","m²",47.03,{"$f":"K15","v":6.572764227642276},{"$f":"F15*E15","v":309.11710162601622},100,100,7.03,{"$f":"J15/1.23*1.15","v":6.572764227642276},{"$f":"G15","v":309.11710162601622},0]
[]
[null,2,"MOVIMENTO DE TERRA ",null,null,null,{"$f":"SUM(G18:G20)","v":238.76356097560972}]
["16.13.001",null,"ESCAVAÇÃO MANUAL PROFUNDIDADE ATÉ 1,80 M","ml",3.36,24.421138211382114,{"$f":"F18*E18","v":82.055024390243901},100,100,26.12,24.421138211382114,{"$f":"G18","v":82.055024390243901},0]
["16.13.010",null,"APILOAMENTO PARA SIMPLES REGULARIZAÇÃO","m²",7.5,4.244715447154471,{"$f":"F19*E19","v":31.835365853658534},100,100,4.54,4.244715447154471,{"$f":"G19","v":31.835365853658534},0]
["16.13.015",null,"REATERRO INTERNO APILOADO","m³",3.36,37.164634146341463,{"$f":"F20*E20","v":124.8731707317073},100,100,39.75,37.164634146341463,{"$f":"G20","v":124.8731707317073},0]
[]
[null,3,"INFRA - ESTRUTURA",null,null,null,{"$f":"SUM(G23:G31)","v":9216.7198780487815}]
["02.02.098",null,"TAXA DE MOBILIZAÇÃO DE EQUIPAMENTO - ESTACAS STRAUSS","UN",1,1424.85,{"$f":"SUM(F23*E23)","v":1424.85},100,100,1523.97,1424.85,{"$f":"G23","v":1424.85},0]
["02.02.035",null,"ESTACA MOLDADA \"IN-LOCO\"  D=  25 CM PARA CARGA MAXIMA DE 20 T","ml",36,49.113414634146345,{"$f":"F24*E24","v":1768.0829268292684},100,100,52.53,49.113414634146345,1768.0829268292684,0]
["16.13.026",null,"LASTRO DE PEDRA BRITADA E= 5CM","m²",7.5,5.5910569105691055,41.93292682926829,100,100,5.98,5.5910569105691055,41.93292682926829,0]
["02.07.002",null,"IMPERM RESP ALV EMBAS C/CIM-AREIA 1-3 HIDROFUGO/TINTA BETUMINOSA","m²",13.04,40.296747967479668,525.46959349593487,100,100,43.1,40.296747967479668,525.46959349593487,0]
["02.06.014",null,"ALVEN. DE EMBASAMENTO COM BLOCO DE CONCRETO E=14 CM CLASSE A","m³",0.79,467.08699186991862,368.99872357723575,100,100,499.58,467.08699186991862,368.99872357723575,0]
["02.03.001",null,"FORMA DE MADEIRA MACIÇA","m²",38.299999999999997,44.691056910569102,1711.6674796747966,100,100,47.8,44.691056910569102,1711.6674796747966,0]
["02.04.002",null,"AÇO CA 50 (A OU B) FYK=500 MPA","kg",336.7,6.1146341463414631,2058.7973170731707,100,100,6.54,6.1146341463414631,2058.7973170731707,0]
["02.04.003",null,"AÇO CA 60 (A OU B) FYK=600 MPA","kg",38.700000000000003,5.8902439024390238,227.95243902439023,100,100,6.3,5.8902439024390238,227.95243902439023,0]
["02.05.014",null,"CONCRETO DOSADO E LANÇADO FCK= 20MPA","m³",3.31,328.9934959349593,1088.9684715447154,100,100,351.88,328.9934959349593,1088.9684715447154,0]
[]
[null,4,"SUPERESTRUTURA",null,null,null,{"$f":"SUM(G34:G38)","v":8430.0259146341468}]
["03.01.001",null,"FORMAS DE MADEIRA MACIÇA ","m²",26.16,66.849593495934954,{"$f":"F34*E34","v":1748.7853658536585},100,100,71.5,66.849593495934954,{"$f":"G34","v":1748.7853658536585},0]
["03.02.002",null,"AÇO CA 50 (A OU B) FYK=500 MPA","kg",310,6.1146341463414631,{"$f":"F35*E35","v":1895.5365853658536},100,100,6.54,6.1146341463414631,{"$f":"G35","v":1895.5365853658536},0]
["03.02.003",null,"AÇO CA 60 (A OU B) FYK=600 MPA","kg",1.2,5.8902439024390238,{"$f":"F36*E36","v":7.0682926829268284},100,100,6.3,5.8902439024390238,{"$f":"G36","v":7.0682926829268284},0]
["03.03.014",null,"CONCRETO DOSADO E LANÇADO FCK= 20 MPA","m³",1.4,328.9934959349593,{"$f":"F37*E37","v":460.59089430894301},100,100,351.88,328.9934959349593,{"$f":"G37","v":460.59089430894301},0]
["03.03.018",null,"LAJE PRE-FABRICADA VIGOTA TRELIÇADA UNIDIRECIONAL LT-12 100 KGF/m²","m²",55.45,77.872764227642278,{"$f":"F38*E38","v":4318.0447764227647},100,100,83.29,77.872764227642278,{"$f":"G38","v":4318.0447764227647},0]
[null,null,null,null,null,null,null,null,null,null,null,null,0]
[null,5,"ALVENARIA",null,null,null,{"$f":"SUM(G41:G42)","v":7531.3778617886182}]
["04.01.031",null,"ALVENARIA DE BLOCOS DE CONCRETO E= 14 CM","m²",131.5,55.059756097560978,{"$f":"E41*F41","v":7240.3579268292688},100,100,58.89,55.059756097560978,{"$f":"G41","v":7240.3579268292688},0]
["04.01.058",null,"VERGA/CINTA EM BLOCO DE CONCRETO CANALETA 14 CM","m",13.04,22.317479674796747,{"$f":"E42*F42","v":291.01993495934954},100,0,23.87,22.317479674796747,0,291.01993495934954]
[]
[null,6,"ESQUADRIA METÁLICA",null,null,null,{"$f":"SUM(G45:G46)","v":3498.8422764227639}]
["06.02.015",null,"PORTA EM CHAPA DE FERRO (L=82 CM)","un",2,771.64065040650405,1543.2813008130081,100,100,825.32,771.64065040650405,{"$f":"G45","v":1543.2813008130081},0]
["06.01.025",null,"CAIXILHOS DE FERRO BASCULANTES","m²",4.8,407.40853658536582,1955.5609756097558,100,100,435.75,407.40853658536582,{"$f":"G46","v":1955.5609756097558},0]
[]
[null,7,"VIDROS",null,null,null,{"$f":"G49","v":376.34731707317064}]
["14.01.006",null,"VIDRO LISO COMUM INCOLOR DE 5 MM","m²",4.8,78.405691056910555,376.34731707317064,100,100,83.86,78.405691056910555,{"$f":"G49","v":376.34731707317064},0]
[]
[null,8,"COBERTURA",null,null,null,{"$f":"SUM(G52:G57)","v":5691.6638658536585}]
["07.01.010",null,"EM TESOURAS PARA TELHAS OND CIM-AM/AL/PLAST - VÃOS ATÉ 7,00 M","m²",50.14,60.987398373983744,{"$f":"E52*F52","v":3057.908154471545},100,100,65.23,60.987398373983744,{"$f":"G52","v":3057.908154471545},0]
["07.03.090",null,"TELHA TECNOLOGIA CRFS ONDULADA E= 6MM","m²",50.14,23.140243902439021,1160.2518292682926,100,100,24.75,23.140243902439021,1160.2518292682926,0]
["08.12.031",null,"RUFO EM CHAPA GALVANIZADA N 24 CORTE 0,16 M","m",28.2,24.103252032520324,679.71170731707309,100,100,25.78,24.103252032520324,679.71170731707309,0]
["08.12,015",null,"CALHA OU AGUA FURTADA EM CHAPA GALV N24 C=0,33M","m",10.65,45.298780487804876,482.43201219512196,100,100,48.45,45.298780487804876,482.43201219512196,0]
["08.12.007",null,"LIGAÇÃO CALHA CONDUTOR DE CHAPA AÇO GALVANIZADO N 24 DIAMETRO DE 3\"","un",2,37.033739837398372,74.067479674796743,100,100,39.61,37.033739837398372,74.067479674796743,0]
["08.12.001",null,"CONDUTOR EM CHAPA GALVANIZADA N 24 DESENV. 0,25 M","m",6,39.548780487804876,237.29268292682926,100,100,42.3,39.548780487804876,237.29268292682926,0,"*"]
[]
[null,9,"REVESTIMENTO DE PAREDES INTERNAS",null,null,null,{"$f":"SUM(G60:G61)","v":2963.1348780487806}]
["12.02.001",null,"CHAPISCO PARA PAREDE INTERNA  E FORRO","m²",139.80000000000001,6.8439024390243901,{"$f":"F60*E60","v":956.77756097560984},100,100,7.32,6.8439024390243901,{"$f":"G60","v":956.77756097560984},0]
["12.02.007",null,"REBOCO P/PAREDE INTERNA E FORRO ","m²",139.80000000000001,14.351626016260163,{"$f":"F61*E61","v":2006.3573170731709},100,100,15.35,14.351626016260163,{"$f":"G61","v":2006.3573170731709},0]
[]
[null,10,"REVESTIMENTO DE PAREDES EXTERNAS",null,null,null,{"$f":"SUM(G64:G65)","v":1973.5156544715446}]
["12.04.001",null,"CHAPISCO PARA PAREDE EXTERNA ","m²",93.11,6.8439024390243901,{"$f":"F64*E64","v":637.23575609756097},100,100,7.32,6.8439024390243901,{"$f":"G64","v":637.23575609756097},0]
["12.04.007",null,"REBOCO PARA PAREDE EXTERNA ","m²",93.11,14.351626016260163,{"$f":"F65*E65","v":1336.2798983739838},100,100,15.35,14.351626016260163,{"$f":"G65","v":1336.2798983739838},0]
[]
[null,11,"PISOS INTERNOS",null,null,null,{"$f":"SUM(G68:G69)","v":2498.6414634146345}]
["13.01.004",null,"LASTRO DE CONCRETO C/ HIDROFUGO E= 5CM ","m²",42,23.504878048780487,{"$f":"F68*E68","v":987.20487804878042},100,100,25.14,23.504878048780487,{"$f":"G68","v":987.20487804878042},0]
["13.02.005",null,"CIMENTADO DESEMPENADO ALISADO E= 3,5CM INCL ARG REGULARIZÇÃO","m²",42,35.986585365853664,{"$f":"F69*E69","v":1511.4365853658539},100,100,38.49,35.986585365853664,{"$f":"G69","v":1511.4365853658539},0]
[]
[null,12,"INSTALACOES ELETRICAS",null,null,null,{"$f":"SUM(G72:G82)","v":2389.0642276422759}]
["09.03.059",null,"ELETRODUTO EM POLIETILENO DE 32 MM INCLUSIVE CONEXÕES","ml",32,16.36178861788618,{"$f":"F72*E72","v":523.57723577235777},100,100,17.5,16.36178861788618,{"$f":"G72","v":523.57723577235777},{"$f":"G72-L72","v":0}]
["09.06.026",null,"CAIXA DE PASSAGEM ALV. 0.60x0.60x0.60 m","un",1,{"$f":"K73","v":244.84715447154468},{"$f":"F73*E73","v":244.84715447154468},100,0,261.88,{"$f":"J73/1.23*1.15","v":244.84715447154468},0,244.84715447154468]
["09.04.019",null,"QUADRO GERAL-DISJUNTOR TERMOMAGNETICO 30X10A A 3X50A","un",1,60.033739837398358,60.033739837398358,100,0,64.209999999999994,60.033739837398358,0,60.033739837398358]
["09.04.091",null,"DISJUNTOR BIPOLAR TERMOMAGNETICO 2X10A A 2X50A","un",6,37.211382113821138,223.26829268292681,100,33,39.799999999999997,37.211382113821138,74.349999999999994,148.91829268292682]
["09.04.045",null,"QUADRO DISTRIBUIÇÃO DISJ. GERAL 50A PARA 10 A 12 DISJUNTORES","un",1,168.07764227642275,168.07764227642275,100,100,179.77,168.07764227642275,{"$f":"G76","v":168.07764227642275},0]
["09.09.052",null,"IL-45 LUMINÁRIA PARA LAMPADA FLUOR (2X32W) ","un",2,117.17845528455284,234.35691056910568,100,100,125.33,117.17845528455284,234.35691056910568,0]
["09.08.029",null,"INTERRUPTOR DE 1 TECLA- ELETRODUTO DE POLIETILENO","un",2,64.428048780487799,128.8560975609756,100,100,68.91,64.428048780487799,128.8560975609756,0]
["09.08.046",null,"TOMADA 2P+T PADRÃO NBR14136 CORRENTE 10A-250V ELETR DE POLIETILENO","un",6,74.862195121951203,449.17317073170722,100,100,80.069999999999993,74.862195121951203,449.17317073170722,0]
["09.07.003",null,"FIO DE 1,50 MM²-750 V DE ISOLAÇÃO ","ml",20,1.5520325203252032,31.040650406504064,100,100,1.66,1.5520325203252032,31.040650406504064,0]
["09.07.004",null,"FIO DE 2,50 MM²-750 V DE ISOLAÇÃO ","ml",100,2.1223577235772355,212.23577235772356,100,100,2.27,2.1223577235772355,212.23577235772356,0]
["09.13.027",null,"TERRA SIMPLES- 1 HASTE ","un",1,113.59756097560975,113.59756097560975,100,0,121.5,113.59756097560975,0,113.59756097560975]
[]
[null,13,"PINTURA ",null,null,null,{"$f":"SUM(G85:G88)","v":3691.7264471544718}]
["15.02.005",null,"LATEX PAREDES INTERNAS E FORRO","m²",139.80000000000001,14.604065040650406,{"$f":"E85*F85","v":2041.6482926829269},100,100,15.62,14.604065040650406,{"$f":"G85","v":2041.6482926829269},0]
["15.04.005",null,"LATEX PAREDES EXTERNAS","m²",93.11,14.604065040650406,{"$f":"E86*F86","v":1359.7844959349593},100,100,15.62,14.604065040650406,{"$f":"G86","v":1359.7844959349593},0]
["15.03,035",null,"FUNDO ANTI-OXIDANTE EM ESQUADRIAS ","m²",8.16,19.101219512195119,{"$f":"E87*F87","v":155.86595121951217},100,100,20.43,19.101219512195119,{"$f":"G87","v":155.86595121951217},0]
["15.03.021",null,"ESMALTE EM ESQUADRIAS DE FERRO","m²",8.16,16.473983739837397,{"$f":"E88*F88","v":134.42770731707316},100,100,17.62,16.473983739837397,{"$f":"G88","v":134.42770731707316},0]
[]
[null,14,"SERVIÇOS GERAIS",null,null,null,{"$f":"G91","v":350.44997154471542}]
["16.11.005",null,"LIMPEZA DA OBRA","m²",47.03,7.4516260162601622,{"$f":"E91*F91","v":350.44997154471542},100,100,7.97,7.4516260162601622,{"$f":"G91","v":350.44997154471542},0]
[null,null,null,null,null,null,null,null,null,0.22,0.15]
[null,null,"TOTAL GERAL  ...................................................................................................",null,null,"R$",{"$f":"G10+G17+G22+G33+G40+G44+G48+G51+G59+G63+G67+G71+G84+G90","v":50819.668923577236},null,null,null,null,{"$f":"SUM(L11:L91)","v":49961.252240650407},{"$f":"SUM(M11:M91)","v":858.41668292682914}]
[null,null,"(QUARENTA E NOVE MIL QUINHENTOS E DOZE REAIS E OITO CENTAVOS)"]

{"sheet":"AUDITÓRIO_BLC CENTRAL","index":1,"n_rows":441,"n_cols":20,"rows_kept":441,"cut":false,"hidden":false,"merged":[[338,0,339,0],[338,1,339,1],[338,2,339,2],[338,3,339,3],[338,4,339,4],[263,0,264,0],[263,1,264,1],[0,0,0,6],[2,0,2,6],[3,0,3,6],[4,0,4,6],[5,0,5,6],[6,0,6,6],[130,6,131,6],[263,2,264,2],[263,3,264,3],[263,4,264,4],[263,5,264,5],[130,5,131,5],[130,3,131,3],[194,0,195,0],[194,1,195,1],[194,2,195,2],[194,3,195,3],[194,4,195,4],[8,0,9,0],[8,1,9,1],[130,0,131,0],[130,1,131,1],[130,2,131,2],[66,0,67,0],[66,1,67,1],[66,2,67,2],[66,3,67,3],[66,4,67,4],[66,5,67,5],[8,2,9,2],[8,3,9,3],[8,4,9,4],[8,5,9,5],[439,5,440,6],[439,4,440,4],[404,6,405,6],[8,6,9,6],[66,6,67,6],[130,4,131,4],[404,5,405,5],[263,6,264,6],[194,6,195,6],[194,5,195,5],[338,6,339,6],[338,5,339,5],[404,0,405,0],[404,1,405,1],[404,2,405,2],[404,3,405,3],[404,4,405,4]]}
["ANEXO1I - PLANILHA DE ORÇAMENTO"]
[]
["AUDITÓRIO / BLOCO CENTRAL  UNIDADE II                "]
["                        Av. Dr.ISMAEL ALONSO Y ALONSO,"]
["Bairro São José, no Câmpus II da FACEF, em FRANCA, SP."]
["fonte FDE(1/13) - CPOS(159) - SINAPI(1/13)"]
[" LS=122% - BDI=23%"]
[]
["CODIGO","Item","DESCRIMINAÇÃO DO SERVIÇO","UN","QTDE","UNIT (R$)","TOTAL (R$)"]
[]
[]
[null,1,"INSTALACAO DO CANTEIRO DE OBRA",null,null,null,{"$f":"SUM(G13:G22)","v":0}]
["13.50.001",null,"DEMOLICAO DE PISO DE CONCRETO SIMPLES CAPEADO","m³",37.21,159.38]
["16.80.098",null,"REMOÇÃO DE ENTULHO ","m³",62.879999999999995,36.17]
["16.06.050",null,"ABRIGO PROVISORIO PARA ALOJAMENTO E DEPOSITO DE MATERIAIS E FERRAMENTAS","m²",23.2,240.31]
[73686,null,"LOCACAO DA OBRA, COM USO DE EQUIPAMENTOS TOPOGRAFICOS, INCLUSIVE TOPOG ","m²",737.56,12.651399999999999,null,null,null,null,null,null,null,null,null,null,null,null,null,{"$f":"290.45+77.54+12.98","v":380.97}]
["16.06.065",null,"ANDAIME - ALUGUEL MENSAL ","m²",3080.9700000000003,10.23]
[72208,null,"CARGA MECANIZADA E REMOCAO E ENTULHO COM TRANSPORTE ATE 1KM ","m³",32.299999999999997,3.5867999999999998]
["74220/001",null,"TAPUME DE CHAPA DE MADEIRA COMPENSADA (6mm) - PINTURA A CAL APROV 2X","m²",384.87,41.48]
["04.50.001",null,"DEMOLIÇÕES DE ALVENARIAS EM GERAL E ELEMENTOS VAZADOS,INCL REVESTIMENTOS ","m³",194.14,56.88]
["06.60.001",null,"RETIRADA DE ESQUADRIAS METALICAS ","m²",30.05,19.22]
["02.50.001 ",null,"DEMOLIÇÃO DE CONCRETO SIMPLES (MANUAL) ","m³",79.48,134.86000000000001]
[]
[null,2,"MOVIMENTO DE TERRA ",null,null,null,{"$f":"SUM(G25:G30)","v":0}]
["01.05.001",null,"ESCAVACAO MANUAL - PROFUNDIDADE ATE 1.80 M ","m³",89.01,28.19]
["73904/001",null,"ATERRO APILOADO(MANUAL) EM CAMADAS DE 20 CM COM MATERIAL DE EMPRESTIMO  ","m³",173.42,79.568399999999997]
["01.02.003",null,"ATERRO COM TRANSPORTE POR CAMINHAO NOS PRIMEIROS 100 M ","m³",28.59,18.850000000000001]
["01.03.005 ",null,"TRANSPORTE POR CAMINHAO M3X ","km",3468.4,0.99]
["02.01.010",null,"APILOAMENTO PARA SIMPLES REGULARIZACAO ","m²",432.78999999999996,4.9000000000000004]
["01.06.005 ",null,"REATERRO INTERNO APILOADO ","m³",29.85,42.91]
[]
[null,3,"INFRA - ESTRUTURA",null,null,null,{"$f":"SUM(G33:G44)","v":0}]
["02.02.098",null,"TAXA DE MOBILIZACAO DE EQUIPAMENTOS - ESTACAS STRAUSS","un",2,1731.84]
["02.02.035 ",null,"ESTACAS TIPO STRAUSS DIAM 25CM CAPACIDADE ATE 20 TF ","m",404,54.69]
["02.02.037",null,"ESTACAS TIPO STRAUSS DIAM 38CM CAPACIDADE ATE 40 TF","m",128,86.1]
["02.02.025",null,"BROCA DE CONCRETO DE DIAMETRO 20CM - INCL ARRANQUES ","m",192,33.409999999999997]
["02.01.012",null,"LASTRO DE PEDRA BRITADA - 5CM ","m²",194.85,6.18]
["02.07.002",null,"IMPERM RESP ALV EMBAS C/CIM-AREIA 1-3 HIDROFUGO/TINTA BETUMINOSA","m²",199.29999999999998,45.9]
["03.01.001",null,"FORMAS DE MADEIRA MACICA ","m²",334.19,78.510000000000005]
["02.04.002",null,"ACO CA 50 (A OU B) FYK= 500 M PA ","kg",3835.5,7.02]
["02.04.003",null,"ACO CA 60 (A OU B) FYK= 600 M PA ","kg",352.8,6.84]
["02.05.018",null,"CONCRETO DOSADO E LANCADO FCK=25MPA","m³",10.45,384.05]
["02.05.014",null,"CONCRETO DOSADO E LANCADO FCK= 20 M PA ","m³",4.04,371.53]
["73844/002 ",null,"MURO DE ARRIMO DE ALVENARIA DE TIJOLOS ","m³",70.89,421.8272]
[]
[null,4,"SUPERESTRUTURA",null,null,null,{"$f":"SUM(G47:G58)","v":0}]
["03.01.005",null,"CIMBRAMENTO DE MADEIRA ","m³",1982.08,27.44,null,null,null,null,null,null,null,null,null,null,null,null,null,{"$f":"(77.54+12.98)*4","v":362.08000000000004}]
["03.01.001 ",null,"FORMAS DE MADEIRA MACICA ","m²",90.52,78.510000000000005]
["03.01.002",null,"FORMAS PLANAS PLASTIFICADA PARA CONCRETO APARENTE ","m²",627.06000000000006,92.82]
["03.01.003",null,"FORMAS CURVAS PLASTIFICADA PARA CONCRETO APARENTE ","m²",264.45999999999998,118.8]
["03.02.002",null,"AÇO CA 50 (A OU B) FYK=500 MPA","kg",7296.36,7.02]
["03.02.003",null,"AÇO CA 60 (A OU B) FYK=600 MPA","kg",1149.6000000000001,6.84]
["03.03.026",null,"CONCRETO DOSADO,BOMBEADO E LANCADO FCK 25 MPA ","m³",19.7,416.22]
["03.03.030",null,"CONCRETO DOSADO,BOMBEADO E LANCADO FCK 30 MPA ","m³",86.72,430.31]
["03.03.086",null,"LAJE PRE-FABRICADA PRE-LAJE TRELICADA UNIDIR C/ EPS PLT20-300KGF/M2 ","m²",225.95,167.81]
["03.03.088",null," LAJE PRE-FABRICADA PRE-LAJE TRELICADA UNIDIR C/ EPS PLT25-300KGF/M2 ","m²",26,182.57]
["03.03.018",null,"LAJE PRE-FABRICADA VIGOTA TRELICADA UNIDIRECIONAL LT12-100KGF/M2 ","m²",93.14,87.69]
["03.03.019 ",null,"LAJE PRE-FABRICADA VIGOTA TRELICADA UNIDIRECIONAL LT16-100KGF/M2 ","m²",7.07,107.6]
[]
[null,5,"ALVENARIA",null,null,null,{"$f":"SUM(G61:G69)","v":0}]
["04.01.058",null,"VERGA/CINTA EM BLOCO DE CONCRETO CANALETA - 14 CM ","m",244.9,25.09]
["04.01.072",null,"ALVENARIA DE TIJOLO CERAMICO FURADO (BAIANO) ESP.NOM 15 CM ","m²",391.26,44.16]
["04.01.002",null,"ALVENARIA DE TIJOLO DE BARRO MACICO E=1/2 TIJOLO ","m²",538.09,72.55]
["74229/001 ",null,"DIVISORIA EM MARMORE BRANCO POLIDO, ESPESSURA 3 CM, ASSENTADO COM ARGAMASSA TRAÇO 1:4 (CIMENTO E AREIA), ARREMATE COM CIMENTO BRANCO, EXCLUSIVE FERRAGEM","m²",11.766,675.42]
[190106,null,"PEITORIL E/OU SOLEIRA EM GRANITO COM ESPESSURA   DE  2 cm e LARGURA ATÉ 20 cm","m",15.1,70.064599999999999]
["04.01.032",null,"ALVENARIA DE BLOCOS DE CONCRETO E=19CM","m²",3.98,72.42]
["CODIGO","Item","DESCRIMINAÇÃO DO SERVIÇO","UN","QTDE","UNIT (R$)","TOTAL (R$)"]
[]
[]
[null,6,"ESQUADRIA METÁLICA",null,null,null,{"$f":"SUM(G71:G78)","v":0}]
[250124,null,"CAIXILHO FIXO EM ALUMÍNIO SOB MEDIDA BRC","m²",27.72,734.91579999999999]
[250136,null,"CAIXILHO EM ALUMÍNIO MAXIMAR COM VIDRO BRC","m²",13.700000000000001,910.96180000000004]
[250137,null,"CAIXILHO EM ALUMÍNIO BASCULANTE COM VIDRO, BRC","m²",17.55,965.11760000000004]
[250138,null,"CAIXILHO EM ALUMÍNIO DE CORRER COM VIDRO, BRC","m²",17.7,562.05399999999997]
[250143,null,"CAIXILHO EM ALUMÍNIO FIXO, TIPO FACHADA","m²",124.96,591.30960000000005]
[250144,null,"CAIXILHO EM ALUMÍNIO MAXIMAR, TIPO FACHADA","m²",23.41,677.57579999999996]
["74071/002",null,"PORTA DE ABRIR EM ALUMINIO TIPO VENEZIANA, PERFIL SERIE 25, COM GUARNIÇÕES","m²",5.4,512.0462]
["06.70.001 ",null,"RECOLOCAÇÃO DE ESQUADRIAS METALICAS ","m²",5,27.46]
[]
[null,7,"ESQUADRIA DE MADEIRA",null,null,null,{"$f":"SUM(G81:G87)","v":0}]
[230902,null,"PORTA LISA COM BATENTE MADEIRA - 62 X 210 CM","un",1,293.42219999999998]
[230903,null,"PORTA LISA COM BATENTE MADEIRA - 72 X 210 CM","un",1,299.41239999999999]
[230904,null,"PORTA LISA COM BATENTE MADEIRA - 82 X 210 CM","un ",9,299.41239999999999]
[230911,null,"PORTA LISA COM BATENTE MADEIRA - 110 X 210 CM ","un ",1,455.80419999999998]
[230910,null,"PORTA LISA COM BATENTE MADEIRA - 140 X 210 CM","un ",1,505.92179999999996]
[230413,null,"PORTA LISA COM ACABAMENTO LISO, BATENTE DE MADEIRA 2FL - 180 X 210","un ",2,1420.4094]
["06.03.017 ",null,"BP-02 BARRA ANTIPANICO DUPLA","un ",2,1381.25]
[]
[null,8,"VIDRO ",null,null,null,{"$f":"SUM(G90:G93)","v":0}]
["26.02.06",null,"VIDRO TEMPERADO INCOLOR DE 10 MM ","m²",58.27,251.7226]
[260204,null,"VIDRO TEMPERADO INCOLOR DE 8 MM","m²",29.45,244.0976]
[260117,null,"VIDRO LISO LAMINADO INCOLOR DE 10 MM ","m²",118.1,285.2604]
["14.02.010 ",null,"ESPELHO DE CRISTAL","m²",3.02,216.25]
[]
[null,9,"COBERTURA",null,null,null,{"$f":"SUM(G96:G103)","v":0}]
["08.12.031",null,"RUFO EM CHAPA GALVANIZADA N 24 CORTE 0,16 M","m",110.00999999999999,27.24]
["08.12.015",null,"CALHA OU AGUA FURTADA EM CHAPA GALV #24 C=0,33M","m",10.1,51.21]
["08.12.016 ",null,"CALHA OU AGUA FURTADA EM CHAPA GALV. N 24 - CORTE 0,50M ","m",15.6,70.08]
["08.12.008",null,"LIGAÇÃO CALHA CONDUTOR DE CHAPA AÇO GALVANIZADO N 24 DIAMETRO DE 4\"","un",37,44.63]
["08.11.033 ",null,"TUBO DE PVC RIGIDO JUNTA ELASTICA DN 100MM (4\") INCL CONEXOES ","m",6,40.56]
["08.12.003",null,"CONDUTOR EM CHAPA GALVANIZADA N 24 DESENV. 0,33 M","m",10,57.52]
[150303,null,"FORNECIMENTO E MONTAGEM DE ESTRUTURA EM AÇO ASTM-A32, SEM PINTURA","kg",591.16,13.053999999999998]
[161307,null,"TELHAMENTO EM CHAPA DE AÇO PRÉ-PINTADA COM EPÓXI E POLIÉSTER, TIPO SANDUICHE, ESPESSURA DE 0,50 mm COM POLIURETANO","m²",147.79,106.14]
[]
[null,10,"REVESTIMENTO DE FORRO",null,null,null,{"$f":"SUM(G106:G107)","v":0}]
["10.01.049",null,"FORRO DE GESSO ACARTONADO INCL ESTRUTURA","m²",648.20000000000005,53.97]
["73778/002",null,"FORRO TIPO PARALINE COM REGUAS ABERTAS LISAS PERFURADAS EM ACO GALVANIZADO ","m²",111.41,126.94099999999999]
[]
[null,11,"REVESTIMENTO DE PAREDES INTERNAS",null,null,null,{"$f":"SUM(G110:G117)","v":0}]
["12.02.009",null,"REVESTIMENTO COM GESSO ","m²",109.84,13.88]
["12.02.007",null,"REBOCO ","m²",801.87,16.48]
["12.02.002",null,"CHAPISCO PARA PAREDE INTERNA","m²",801.87,4.49]
["12.04.024 ",null,"REVESTIMENTO COM PASTILHAS ESMALTADAS 5,0X 5,0 CM ","m²",115.11,142.4]
["04.03.022",null,"DIVISORIA CHAPA FIBRA MAD PRENS BP/PAINEL/VIDRO/VENTIL PERM E=35MM","m²",13.925000000000001,137.08000000000001]
["04.03.023 ",null,"DIVISORIA CHAPA FIBRA MAD PRENS BP/PAINEL CEGO 1,20X2,11M E=35MM ","m²",32.869999999999997,88.7]
["73747/001 ",null,"ISOLAMENTO ACUSTICO  ESPESSURA 20 MM, DENSIDADE 29KG/M³ ","m²",47.01,59.767800000000001]
["10.01.060",null,"ISOLACAO  - CHAPA DE ISOPOR E=30MM ","m²",402.9,9.1199999999999992]
[]
[null,12,"REVESTIMENTO DE PAREDES EXTERNAS",null,null,null,{"$f":"SUM(G120:G121)","v":0}]
["12.04.004",null,"CHAPISCO PARA PAREDE EXTERNA ","m²",398.79,4.49]
["12.04.007",null,"REBOCO PARA PAREDE EXTERNA ","m²",398.79,16.48]
[]
[null,13,"PISOS INTERNOS",null,null,null,{"$f":"SUM(G124:G142)","v":0}]
["13.80.033",null,"TELA Q-138 E ESPAÇADOR TRELIÇADO PARA PISO DE CONCRETO ","m²",513.19000000000005,17.61]
[170104,null,"LASTRO DE CONCRETO IMPERMEABILIZADO FCK 20 MPA e=8cm","m³",41.06,459.34219999999999,null,null,null,null,null,null,null,null,null,null,null,null,null,{"$f":"380.97*0.08","v":30.477600000000002}]
["13.01.018",null,"ARGAMASSA DE REGULARIZACAO CIM/AREIA 1:3 C/ IMPERM. ESP=2,50CM ","m²",615.31000000000006,21.14]
["11.04.041",null,"SELANTE DE POLIURETANO P/ JUNTAS MOVIMENTAÇÃO/DESSOLIDARIZAÇÃO    ","m",12.8,18.18]
[180614,null,"PISO CERAMICO ESMALTADO ENTIDERRAPANTE PEI-5 RESISTENCIA QUIMICA A, PARA AREAS INTERNAS COM SAIDA PARA O EXTERIOR, ASSENTADO COM ARGAMASSA COLANTE INDUSTRIALIZADA ","m²",340.18,72.553399999999996]
[180616,null,"RODAPÉ CERAMICO ESMALTADO PEI-5 RESISTENCIA QUIMICA A, PARA AREAS INTERNAS COM SAIDA PARA O EXTERIOR ASSENTADO COM ARGAMASSA COLANTE INDUSTRIALIZADA. ","m",134.28,14.286200000000001]
[72138,null,"PISO EM GRANITO  50X50CM LEVIGADO ESPESSURA 2CM, ASSENTADO COM ARGAMASSA COLANTE DUPLA COLAGEM, COM REJUNTAMENTO EM CIMENTO ","m²",81.5,398.46420000000001]
["CODIGO","Item","DESCRIMINAÇÃO DO SERVIÇO","UN","QTDE","UNIT (R$)","TOTAL (R$)"]
[]
[]
[210411,null,"REVESTIMENTO COM CARPETE PARA TRÁFEGO INTENSO, USO COMERCIAL, TIPO BOUCLÊ DE 10 MM","m² ",102.59,116.937]
["13.80.027 ",null,"SOALHO DE TABUA 10X2,0CM MACHO-FEMEA G1-C6 SOBRE VIGAMENTO 6X12CM ","m²",154.26,231.25]
["73742/001 ",null,"RODAPE EM GRANITO PRETO, ESPESSURA 7CM ","m",42.39,42.577999999999996]
["13.80.056",null,"RODAPE DE MADEIRA DE 7X1,5CM G1-C4 COM CORDAO ","m",101.6,16.36]
["13.06.008 ",null,"SOLEIRA TABUA DE 15CM G1-C6 ","m",52.18,41.19]
["13.06.009 ",null,"SOLEIRA TABUA DE 25CM G1-C6 ","m",9.7799999999999994,54.33]
["16.05.045 ",null,"TC-08 TAMPA EM GRELHA DE FERRO GALVANIZADO P/ CANALETA (35CM) ","m",3.55,363.63]
["06.03.033 ",null,"GRADE DE PROTECAO ","m²",1.02,388.31]
[73676,null," PISO CIMENTADO LISO, ESPESSURA 1,5CM, INCLUSO JUNTAS DE DILATAÇÃO PLASTICA       ","m²",38.67,43.74]
[]
[null,14,"PINTURA ",null,null,null,{"$f":"SUM(G145:G153)","v":0}]
[331002,null,"LÁTEX PVA EM MASSA, INCLUSIVE PREPARO 3D","m²",887.04,16.555399999999999]
[331010,null,"TEXTURA ACRÍLICA PARA USO INTERNO E EXTERNO ","m²",1545.4099999999999,23.423999999999999]
["15.04.005",null,"LATEX ACRÍLICA PAREDES EXTERNAS FACEFII, CORES EXISTENTES 3D","m²",2786.48,15.05]
[331201,null,"ESMALTE EM SUPERFÍCIE DE MADEIRA, INCLUSIVE PREPARO","m² ",93.24,24.440100000000001]
[330512,null,"ESMALTE EM RODAPÉS, BAGUETES OU MOLDURAS DE MADEIRA ","m ",101.6,3.09]
[330533,null,"VERNIZ EM SUPERFÍCIE DE MADEIRA ","m² ",46.8,14.43]
[202022,null,"RASPAGEM COM CALAFETAÇÃO E APLICAÇÃO DE CERA ","m² ",164.53,30.92]
[331104,null,"ESMALTE EM SUPERFÍCIE GALVANIZADA E/OU DE ALUMÍNIO, INCLUSIVE PREPARO","m² ",1.44,25.28]
[331102,null,"ESMALTE EM SUPERFÍCIE METÁLICA, INCLUSIVE PREPARO","m² ",17.48,25.49]
[]
[null,15,"LOUÇA, METAIS E  ACESSORIOS ",null,null,null,{"$f":"SUM(G156:G167)","v":0}]
["06.03.060 ",null,"BARRA DE APOIO P/DEFICIENTES EM INOX ESCOVADO CJ ","cj",1,417.46]
["08.16.025 ",null,"MICTORIO DE LOUCA SIFONADO/AUTO ASPIRANTE BRANCO ","un",2,380.99]
["08.16.004 ",null,"BACIA SIFONADA COM CAIXA DE DESCARGA ACOPLADA BRANCA ","un",6,411.14]
["08.16.090",null,"BR-02 LAVATORIO PARA SANITARIO ACESSIVEL ","cj",1,1129.68]
["08.16.065 ",null,"PAPELEIRA DE LOUCA BRANCA DE 15X15CM ","un",6,54.53]
["08.16.050 ",null,"SABONETEIRA DE LOUCA  DE 7,5X15 CM ","un",6,49.31]
[440331,null,"TORNEIRA MESA PARA LAVATÓRIO ACIONAMENTO HIDROMECÂNICO, COM REGISTRO INTEGRADO REGULADOR, LATÃO CROMADO, DN 1/2\", REF DECAMTIC 1170C.","un",6,488.30500000000001]
["73947/002 ",null,"LAVATORIO LOUÇA BR EMBUTIR(CUBA) MEDIO LUXO S/LADRAO 52X39CM FERRAGENS EM METAL CROMADO SIFAO 1680 1\"X1.1/4\" TORNEIRA DE PRESSAO 1193 DE 1/2\" E VALVULA DE ESCOAMENTO 1600 FORNECIMENTO ","un",5,212.85339999999999]
[440127,null,"CUBA DE LOUÇA DE EMBUTIR OVAL","un",5,85.338999999999999]
["74126/001",null,"BANCADA GRANITO POLIDO E=2,5 CM, LARGURA 60 CM - FORNECIMENTO E INSTALAÇÃO","m",5.8,255.37039999999999]
[190106,null,"PEITORIL E/OU SOLEIRA EM GRANITO COM ESPESSURA DE 2 CM E LARGURA ATÉ 20 CM","m ",11.6,70.64]
[480202,null,"RESERVATÓRIO DE FIBRA DE VIDRO - CAPACIDADE 1000LITROS","un",1,334.08479999999997]
[]
[null,16,"HIDRÁULICA",null,null,null,{"$f":"SUM(G170:G187)","v":0}]
["08.07.002",null,"TUBO ACO GALVANIZ NBR5580-CL MEDIA, DN65MM (2 1/2\") - INCL CONEXOES","m",67.45,124.44]
["08.08.028",null,"AH-04 ABRIGO PARA HIDRANTE COM MANGUEIRA 1 1/2\" E ESGUICHO REGULAVEL","un",4,1112.1300000000001]
["08.03.015",null,"TUBO DE PVC RIGIDO JUNTA SOLDAVEL DN 20MM (1/2\") INCL CONEXOES","m",7.05,13.07]
["08.03.016",null,"TUBO DE PVC RIGIDO JUNTA SOLDAVEL DN 25MM (3/4\") INCL CONEXOES","m",39.130000000000003,15.48]
["08.03.017",null,"TUBO DE PVC RIGIDO JUNTA SOLDAVEL DN 32MM (1\") INCL CONEXOES","m",7.2,20.53]
["08.03.018",null,"TUBO DE PVC RIGIDO JUNTA SOLDAVEL DN 40MM (1.1/4\") INCL CONEXOES","m",0.86,25.04]
["08.04.003",null,"REGISTRO DE GAVETA BRUTO DN 25MM (1\")","un",1,53.82]
["08.04.004",null,"REGISTRO DE GAVETA BRUTO DN 32MM (1 1/4\")","un",1,77.069999999999993]
["08.04.021",null,"REGISTRO DE GAVETA COM CANOPLA CROMADA DN 15MM (1/2\")","un",1,75.41]
["08.04.022",null,"REGISTRO DE GAVETA COM CANOPLA CROMADA DN 20MM (3/4\")","un",1,84.54]
["08.10.006",null,"CAIXA SIFONADA DE PVC DN 150X150X50MM C/GRELHA METALICA","un",4,45.77]
["08.10.038",null,"CI-01 CAIXA DE INSPECAO 60X60CM PARA ESGOTO","un",7,393.33]
["08.09.060",null,"TUBO DE PVC \"R\" 40MM INCL CONEXOES - COL ESGOTO","m",4.2,30.2]
["08.09.061",null,"TUBO DE PVC \"R\" 50MM INCL CONEXOES - COL ESGOTO","m",6.16,32.44]
["08.09.062",null,"TUBO DE PVC \"R\" 75MM INCL CONEXOES - COL ESGOTO","m",14.33,37.409999999999997]
["08.09.063",null,"TUBO DE PVC \"R\" 100MM INCL CONEXOES - COL ESGOTO","m",32.979999999999997,46.97]
["08.11.052",null,"TUBO DE PVC \"R\" PARA AGUAS PLUVIAIS 75MM - INCL. CONEXOES","m",5.62,37.409999999999997]
["08.11.051",null,"TUBO DE PVC \"R\" PARA AGUAS PLUVIAIS 50MM - INCL. CONEXOES","m",5.69,32.44]
[]
[null,17,"SERVIÇOS DIVERSOS",null,null,null,{"$f":"SUM(G190:G203)","v":0}]
["06.03.023",null,"CO-15 GUARDA CORPO TUBULAR H=1,10M (USO INTERNO) ","m",1.8,515.76]
["06.03.025",null,"CO-15 GUARDA CORPO TUBULAR H=1,30M (USO EXTERNO) ","m",21.4,633.95000000000005]
["06.03.009",null,"CO-06 CORRIMAO TUBULAR ","m",3.2,177.65]
["08.08.051 ",null,"EXTINTOR PORTATIL DE PO QUIMICO ABC CAPACIDADE 6 KG ","un",5,146.88999999999999]
[]
["CODIGO","Item","DESCRIMINAÇÃO DO SERVIÇO","UN","QTDE","UNIT (R$)","TOTAL (R$)"]
[]
[]
["08.08.050 ",null,"EXTINTORES MANUAIS DE AGUA PRESSURIZADA CAP DE 10 L ","un",4,112.05]
["09.08.055",null,"BOTOEIRA PARA ACIONAMENTO DA BOMBA DE INCENDIO ","un",4,278.02999999999997]
["09.08.086",null,"ACIONADOR DO ALARME DE INCENDIO ","un",4,137.76]
["09.08.087",null,"SIRENE PARA ALARME DE EMERGENCIA- ELETRODUTO DE PVC ","un",1,90.36]
["09.09.050",null,"IL-28 ILUMINACAO AUTONOMA DE EMERGENCIA ","un",11,193.96]
["S/COD",null,"REVESTIMENTO ACUSTICO EM MADEIRA (FUNDO) TIPO BICO DE JACA","vb",1,10000]
[]
[null,18,"SERVIÇOS GERAIS",null,null,null,{"$f":"SUM(G206:G217)","v":0}]
["16.11.005",null,"LIMPEZA DA OBRA","m²",737.56,8.58]
[550110,null,"LIMPEZA COMPLEMENTAR E ESPECIAL DE VIDROS","m²",379.51,9.5282]
[550113,null,"LIMPEZA E LAVAGEM DE SUPERFÍCIE REVESTIDA COM MATERIAL CERAMICO OU PASTILHAS POR HIDROJATEAMENTO COM REJUNTAMENTO","m²",453.58000000000004,8.1129999999999995]
[190329,null,"SOLEIRA E/OU PEITORIL EM ARDÓSIA, ESPESSURA DE 2 CM E LARGURA ATÉ 20CM ","m ",246.94,59.987400000000001]
["16.43.003 ",null,"FUROS EM CONCRETO COM D=1\" E PROFUNDIDADE 30CM ","un",84,13.12]
["16.46.002 ",null,"ANCORAGEM DE BARRAS DE ACO COM RESINA BASE EPOXI ","D3",12.760000000000002,79.33]
["11.02.022 ",null,"IMPERMEABILIZACAO MULTIMEMBRANAS ASFALTICAS - FELTRO ASFALTO LAJE DE FORRO  AR COND","m²",14.7,143.99]
["S/COD",null,"PASSARELA EM AÇO ( MANUTENÇÃO AR COND). PROJETO/EXECUÇÃO E PINTURA- LARG 1,3 m (sobre a cobertura )","vb",1,25000]
["74228/001 ",null,"BANCO DE CONCRETO APARENTE LARG=45CM E 10CM ESPESSURA SOBRE DOIS APOIOS DO MESMO MATERIAL COM SEÇÃO DE 10X30CM","m",22.07,151.43]
["74236/001 ",null,"GRAMA BATATAIS EM PLACAS M2 7,23","m²",64.47,8.89]
["16.02.027",null,"GA-01 GUIA LEVE OU SEPARADOR DE PISOS","m",45.52,23.57]
["73892/002 ",null,"EXECUÇÃO DE CALÇADA EM CONCRETO 1:3:5 (FCK=12 MPA) PREPARO MECÂNICO, ESP 7 CM","m²",60.02,31.37]
[]
[null,19,"INSTALAÇÕES ELÉTRICA",null,null,null,{"$f":"G220+G281","v":0}]
[null,"19.1","BLOCO CENTRAL",null,null,null,{"$f":"SUM(G221:G280)","v":0}]
["S/COD",null,"QUADRO DISTRIBUIÇÃO GERAL Nº1 (Q.D.G.-1) CONFORME DIAGRAMA UNIFILAR DO PROJETO","pç",1,7800]
["S/COD",null,"LUMINÁRIA EMBUTIR PARA 02 LAMPADAS PL-26W","pç",96,68.95]
["S/COD",null,"REATOR AFP PARA LAMPADA PL-26W - 220V","pç",192,13.343]
["S/COD",null,"LAMPADA PL-26W COM 2 PINOS","pç",192,12.047000000000001]
["S/COD",null,"PROJETOR RETANGULAR COM ALOJAMENTO PARA LAMPADA VAPOR METÁLICO 150W","pç",2,133.91499999999999]
["S/COD",null,"REATOR PARA LAMPADA VAPOR METÁLICO 150W","pç",2,61.085000000000001]
["S/COD",null,"IGNITOR PARA LAMPADA VAPOR METÁLICO 150W","pç",2,40]
["S/COD",null,"LAMPADA VAPOR METÁLICO 150W","pç",2,47.704999999999998]
["S/COD",null,"QUADRO DISTRIBUIÇÃO EMBUTIR COM CAPACIDADE PARA 44 DISJUNTORES","pç",1,210.93]
["S/COD",null,"KIT BARRAMENTO TRIFÁSICO 44 DIN - 100A","pç",1,188.21]
["S/COD",null,"DISJUNTOR TRIPOLAR DE 80A - DIN","pç",1,75.790000000000006]
["S/COD",null,"DISJUNTOR BIPOLAR DE 16A - DIN","pç",9,38.11]
["S/COD",null,"DISJUNTOR BIPOLAR DE 25A - DIN","pç",4,38.113]
["S/COD",null,"DISJUNTOR MONOPOLAR DE 20A - DIN","pç",9,6.9169999999999998]
["S/COD",null,"DISJUNTOR MONOPOLAR DE 16A - DIN","pç",1,6.77]
["S/COD",null,"QUADRO PADRÃO TELEBRAS EMBUTIR DIM. 400x400x120mm","pç",2,39.715000000000003]
["S/COD",null,"CAIXA PASSAGEM EMBUTIR DIM. 200x200mm","pç",2,21.605]
["S/COD",null,"CAIXA PASSAGEM SOBREPOR DE ALUMINIO DIM. 200x200mm","pç",2,42.98]
["S/COD",null,"TUBO FLEX PEAD Ø 4\"","mt",3,26.817]
["S/COD",null,"TUBO FLEX PEAD Ø 3\"","mt",120,18.747]
["S/COD",null,"TUBO FLEX PEAD Ø 2\"","mt",8,16.678999999999998]
["S/COD",null,"TUBO FLEX ANTICHAMA PEAD Ø 1\"","mt",120,1.956]
["S/COD",null,"CAIXA EMBUTIR 4\"x4\"","pç",50,2.1269999999999998]
["S/COD",null,"CAIXA EMBUTIR 3\"x3\"","pç",2,0.99]
["S/COD",null,"ESPELHO 4\"x4\" PARA 02 TOMADAS RJ","pç",18,11.183]
["S/COD",null,"TOMADA 2P+T - 10A","pç",42,10.231]
["S/COD",null,"ESPELHO 4\"x4\" PARA 02 TOMADAS","pç",21,11.183]
["S/COD",null,"INTERRUPTOR BIPOLAR","pç",16,29.922000000000001]
["S/COD",null,"ESPELHO 4\"x4\" PARA 02 INTERRUPTORES BIPOLAR","pç",8,11.18]
["S/COD",null,"PERFILADO GALVANIZADO 38x38mmx6m","br",38,49.106999999999999]
["S/COD",null,"EMENDA TIPO 'X' PARA PERFILADO 38x38mm","pç",20,5.32]
["S/COD",null,"EMENDA TIPO 'T' PARA PERFILADO 38x38mm","pç",22,2.2000000000000002]
["S/COD",null,"EMENDA RETA PARA PERFILADO","pç",10,2.2000000000000002]
["S/COD",null,"EMENDA TIPO 'L' PARA PERFILADO 38x38mm","pç",5,3.302]
["S/COD",null,"GANCHO LONGO PARA PERFILADO 38x38mm","pç",110,1.919]
["S/COD",null,"CANTONEIRA 'ZZ' PARA PERFILADO 38x38mm","pç",110,1.4790000000000001]
["S/COD",null,"VERGALHÃO ROSCA TOTAL Ø 1/4\"x2m","br",50,5.5430000000000001]
["S/COD",null,"PARAFUSO CAB. LENTILHA Ø 5/16\"x3/4\"","pç",400,0.27]
["S/COD",null,"PORCA SEXTAVADA Ø 1/4\"","pç",400,0.109]
["S/COD",null,"ARRUELA REDONDA PARA Ø 1/4\"","pç",400,5.5E-2]
["S/COD",null,"BUCHA S-8 PARAFUSO","pç",300,0.30499999999999999]
["S/COD",null,"CABO FLEX # 1,5mm² - 750V - DIVERSAS CORES","mt",4000,0.56399999999999995]
["S/COD",null,"CABO FLEX # 2,5mm² - 750V - DIVERSAS CORES","mt",3000,0.89]
["CODIGO","Item","DESCRIMINAÇÃO DO SERVIÇO","UN","QTDE","UNIT (R$)","TOTAL (R$)"]
[]
[]
["S/COD",null,"CABO FLEX # 4,0mm² - 750V - DIVERSAS CORES","mt",200,1.4910000000000001]
["S/COD",null,"CABO FLEX # 25mm² - 1KV - PRETO","mt",180,9.2430000000000003]
["S/COD",null,"CABO FLEX # 25mm² - 750V - AZUL","mt",60,8.8339999999999996]
["S/COD",null,"CABO FLEX # 16mm² - 750V - VERDE","mt",60,5.6589999999999998]
["S/COD",null,"CABO FLEX # 150mm² - 1KV - PRETO","mt",18,58.345999999999997]
["S/COD",null,"CABO FLEX # 150mm² - 1KV - AZUL","mt",6,61.078000000000003]
["S/COD",null,"CABO FLEX # 95mm² - 750V - VERDE","mt",6,35.225000000000001]
["S/COD",null,"TERMINAIS À COMPRESSÃO PARA 150mm²","pç",8,9.2729999999999997]
["S/COD",null,"TERMINAIS À COMPRESSÃO PARA 95mm²","pç",2,4.75]
["S/COD",null,"TERMINAIS À COMPRESSÃO PARA 25mm²","pç",8,1.395]
["S/COD",null,"TERMINAIS À COMPRESSÃO PARA 16mm²","pç",2,1.0149999999999999]
["S/COD",null,"D.P.S. - 20KA PARA FASES","pç",3,47.2]
["S/COD",null,"D.P.S. - 20KA PARA NEUTRO","pç",1,47.2]
["S/COD",null,"MÃO DE OBRA PARA EXECUÇÃO DAS INSTALAÇÕES ELÉTRICAS DO HALL DE ENTRADA.","VB",1,35000]
[null,"19.2","ANFITEATRO",null,null,null,{"$f":"SUM(G282:G385)","v":0}]
["S/COD",null,"QUADRO DISTRIBUIÇÃO GERAL Nº2 (Q.D.G.-2) CONFORME DIAGRAMA UNIFILAR DO PROJETO","pç",1,10100]
["S/COD",null,"QUADRO DISTRIBUIÇÃO EMBUTIR COM CAPACIDADE PARA 56 DISJUNTORES DIN","pç",1,450.32]
["S/COD",null,"KIT BARRAMENTO TRIFÁSICO 56 DIN - 225A","pç",1,420.32]
["S/COD",null,"DISJUNTOR TRIPOLAR DE 125A - 25KA","pç",1,315.48]
["S/COD",null,"DISJUNTOR TRIPOLAR DE 10A - DIN","pç",2,51.744999999999997]
["S/COD",null,"DISJUNTOR BIPOLAR DE 20A - DIN","pç",4,38.11]
["S/COD",null,"DISJUNTOR BIPOLAR DE 16A - DIN","pç",10,38.11]
["S/COD",null,"DISJUNTOR MONOPOLAR DE 20A - DIN","pç",11,6.9180000000000001]
["S/COD",null,"QUADRO PADRÃO TELEBRAS EMBUTIR DIM. 400x400x120mm","pç",1,39.72]
["S/COD",null,"CAIXA PASSAGEM SOBREPOR DE ALUMINIO DIM. 300x300mm","pç",3,41.98]
["S/COD",null,"TUBO FLEX PEAD Ø 3\"","mt",50,18.747]
["S/COD",null,"TUBO FLEX PEAD Ø 1.1/2\"","mt",100,9.7569999999999997]
["S/COD",null,"TUBO FLEX PEAD Ø 2\"","mt",100,16.678999999999998]
["S/COD",null,"TUBO FLEX PEAD Ø 1.1/4\"","mt",50,85.44]
["S/COD",null,"TUBO FLEX ANTICHAMA Ø 1\"","mt",200,1.956]
["S/COD",null,"TUBO FLEX ANTICHAMA Ø 3/4\"","mt",300,1.383]
["S/COD",null,"CAIXA EMBUTIR 4\"x4\"","pç",70,2.1269999999999998]
["S/COD",null,"CAIXA EMBUTIR 4\"x2\"","pç",20,0.93300000000000005]
["S/COD",null,"ESPELHO 4\"x4\" PARA 02 TOMADAS","pç",30,4.1609999999999996]
["S/COD",null,"TOMADA 2P+T - 10A","pç",60,3.4529999999999998]
["S/COD",null,"ESPELHO 4\"x4\" PARA 02 CONECTOR RJ","pç",20,11.18]
["S/COD",null,"INTERRUPTOR BIPOLAR","pç",50,29.92]
["S/COD",null,"ESPELHO 4\"x2\" PARA 01 INTERRUPTORES BIPOLAR","pç",10,4.16]
["S/COD",null,"ESPELHO 4\"x4\" PARA 02 INTERRUPTORES BIPOLAR","pç",30,11.18]
["S/COD",null,"PERFILADO GALVANIZADO 38x38mmx6m","br",60,49.106999999999999]
["S/COD",null,"EMENDA TIPO 'X' PARA PERFILADO 38x38mm","pç",10,5.32]
["S/COD",null,"EMENDA TIPO 'T' PARA PERFILADO 38x38mm","pç",10,3.2170000000000001]
["S/COD",null,"EMENDA RETA PARA PERFILADO","pç",70,2.2000000000000002]
["S/COD",null,"EMENDA TIPO 'L' PARA PERFILADO 38x38mm","pç",20,3.3010000000000002]
["S/COD",null,"GANCHO LONGO PARA PERFILADO 38x38mm","pç",120,1.919]
["S/COD",null,"CANTONEIRA 'ZZ' PARA PERFILADO 38x38mm","pç",190,1.4790000000000001]
["S/COD",null,"VERGALHÃO ROSCA TOTAL Ø 1/4\"x2m","br",60,5.5430000000000001]
["S/COD",null,"PARAFUSO CAB. LENTILHA Ø 5/16\"x3/4\"","pç",500,0.27]
["S/COD",null,"PORCA SEXTAVADA Ø 5/16\"","pç",500,0.161]
["S/COD",null,"ARRUELA REDONDA PARA Ø 5/16\"","pç",500,2.5999999999999999E-2]
["S/COD",null,"CHUMBADOR COM ROSCA INTERNA Ø 1/4\"","pç",250,1.536]
["S/COD",null,"BUCHA S-8","pç",500,0.42299999999999999]
["S/COD",null,"PARAFUSO PARA BUCHA S-8","pç",500,0.23599999999999999]
["S/COD",null,"ELETROCALHA GALVANIZADA PERFURADA DIM. 150x100mm","br",10,107.93]
["S/COD",null,"ELETROCALHA GALVANIZADA PERFURADA DIM. 100x50mm","br",8,107.93]
["S/COD",null,"CURVA 90º HORIZONTAL PARA ELETROCALHA DIM. 150x100mm","pç",1,25.63]
["S/COD",null,"CURVA 45º HORIZONTAL PARA ELETROCALHA DIM. 150x100mm","pç",1,12.82]
["S/COD",null,"EMENDA RETA PARA ELETROCALHA DIM. 150x100mm","pç",15,6.2560000000000002]
["S/COD",null,"EMENDA RETA PARA ELETROCALHA DIM. 100x50mm","pç",12,6.26]
["S/COD",null,"SUPORTE BALANÇO PARA ELETROCALHA DIM. 150x100mm","pç",25,6.3929999999999998]
["S/COD",null,"SUPORTE BALANÇO PARA ELETROCALHA DIM. 100x50mm","pç",15,6.39]
["S/COD",null,"PARAFUSO CAB. LENTILHA Ø 1/4\"x3/4\"","pç",200,0.21]
["S/COD",null,"PORCA SEXTAVADA Ø 1/4\"","pç",200,0.109]
["S/COD",null,"ARRUELA REDONDA PARA Ø 1/4\"","pç",300,5.5E-2]
["S/COD",null,"CABO FLEX # 1,5mm² - 750V - DIVERSAS CORES","mt",5000,0.56399999999999995]
["S/COD",null,"CABO FLEX # 2,5mm² - 750V - DIVERSAS CORES","mt",6000,0.90400000000000003]
["S/COD",null,"CABO FLEX # 6,0mm² - 750V - DIVERSAS CORES","mt",500,2.66]
["S/COD",null,"CABO FLEX # 10mm² - 750V - PRETO","mt",100,3.8319999999999999]
["S/COD",null,"CABO FLEX # 10,0mm² - 750V - VERDE","mt",30,3.831]
["S/COD",null,"CABO FLEX # 16mm² - 750V - PRETO","mt",200,5.6589999999999998]
["S/COD",null,"CABO FLEX # 25mm² - 750V - VERDE","mt",100,8.91]
["S/COD",null,"CABO FLEX # 50mm² - 750V - PRETO","mt",150,19.52]
["CODIGO","Item","DESCRIMINAÇÃO DO SERVIÇO","UN","QTDE","UNIT (R$)","TOTAL (R$)"]
[]
[]
["S/COD",null,"CABO FLEX # 50mm² - 750V - AZUL","mt",50,19.52]
["S/COD",null,"CABO FLEX # 120mm² - 750V - PRETO","mt",300,44.326000000000001]
["S/COD",null,"CABO FLEX # 120mm² - 750V - AZUL","mt",100,44.326000000000001]
["S/COD",null,"CABO FLEX # 70mm² - 750V - VERDE","mt",100,26.878]
["S/COD",null,"TERMINAIS À COMPRESSÃO PARA 120mm²","pç",6,7.9779999999999998]
["S/COD",null,"TERMINAIS À COMPRESSÃO PARA 70mm²","pç",2,4.01]
["S/COD",null,"TERMINAIS À COMPRESSÃO PARA 50mm²","pç",8,3.04]
["S/COD",null,"TERMINAIS À COMPRESSÃO PARA 25mm²","pç",2,1.6930000000000001]
["S/COD",null,"TERMINAIS À COMPRESSÃO PARA 16mm²","pç",25,1.3169999999999999]
["S/COD",null,"TERMINAIS À COMPRESSÃO PARA 10mm²","pç",20,0.89600000000000002]
["S/COD",null,"TERMINAIS PRÉ-ISOLADOS PARA 2,5mm²","pç",100,0.18]
["S/COD",null,"D.P.S. - 20KA PARA FASES","pç",3,47.2]
["S/COD",null,"D.P.S. - 20KA PARA NEUTRO","pç",1,47.2]
["S/COD",null,"CAIXA PASSAGEM EMBUTIR DIM. 300x300mm","pç",5,47.677999999999997]
["S/COD",null,"CAIXA PASSAGEM EMBUTIR DIM. 200x200mm","pç",5,21.603999999999999]
["S/COD",null,"LUMINÁRIA EMERGÊNCIA COM BATERIA COM 02 PROJETORES 50W CADA","pç",4,337.12299999999999]
["S/COD",null,"CX PASSAGEM 20X20X10 GALV MB","pç",12,14.36]
["S/COD",null,"CX PASSAGEM 15X15X10 GALV MB","pç",5,10.5467]
["S/COD",null,"TUBO ELETRODUTO 1   X 3 MT ANGELO","br",20,9.2713999999999999]
["S/COD",null,"TUBO ELETRODUTO 3/4 X 3 MT ANGELO","br",25,5.3754999999999997]
["S/COD",null,"PEVEDUTO P/ELET 1 1/4 40MM X 30MM PEVEDUTO","mt",420,1.8532999999999999]
["S/COD",null,"ABRAC TIPO D  3/4\" C/CUNHA","pç",40,0.48570000000000002]
["S/COD",null,"ABRAC TIPO D 1\" C/CUNHA","pç",30,0.5766]
["S/COD",null,"BOX RETO NERVURADO  1 UCN100 DAISA","pç",80,1.6277999999999999]
["S/COD",null,"BOX RETO NERVURADO 3/4 UCN034 DAISA","pç",70,1.1667000000000001]
["S/COD",null,"BOX RETO 11/4 UC110 DAISA","pç",120,3.9028]
["S/COD",null,"BUCHA ALUMINIO 1\"","pç",80,0.54290000000000005]
["S/COD",null,"BUCHA ALUMINIO 3/4\"","pç",70,0.34289999999999998]
["S/COD",null,"BUCHA ALUMINIO 1.1/4\"","pç",120,0.8286]
["S/COD",null,"ARRUELA ALUMINIO 1\"","pç",80,0.6]
["S/COD",null,"ARRUELA ALUMINIO 3/4\"","pç",70,0.38]
["S/COD",null,"ARRUELA ALUMINIO 1.1/4\"","pç",120,0.86]
["S/COD",null,"VERGALHAO ROSCA TOTAL 1/4 X 3MTS PERFILUZ","br",20,5.3467000000000002]
["S/COD",null,"JAQUETA E CONE 1/4\"","cj",50,1.5001]
["S/COD",null,"PORCA SEXTAVADA  1/4","pç",100,0.06]
["S/COD",null,"ARRUELA LISA  1/4","pç",100,3.6400000000000002E-2]
["S/COD",null,"CX LUZ PLASTICA AMARELA 2 X 4 TIGRE ELETR (ou similar)","pç",80,1.96]
["S/COD",null,"CX LUZ PLASTICA AMARELA 4 X 4 TIGRE ELETR (ou similar)","pç",66,3.4533]
["S/COD",null,"CX LUZ OCTOGONAL FDO MOVEL 4X4 AMARELA TIGRE ELETR (ou similar)","pç",20,3.64]
["S/COD",null,"CX TELEBRAS 1,00X1,00 EMBUTIR COM FUNDO CHAPA STAR","pç",1,340.02670000000001]
["S/COD",null,"CX TELEBRAS 60X60 EMBUTIR COM FUNDO CHAPA STAR","pç",3,153.01329999999999]
["S/COD",null,"MANGUEIRA CORRUG LARANJA    3/4X50MT","rl",4,71.784599999999998]
["S/COD",null,"MANGUEIRA CORRUG LARANJA 1X25MTS","rl",6,55.218899999999998]
["S/COD",null,"MÃO DE OBRA PARA EXECUÇÃO DAS INSTALAÇÕES ELÉTRICAS DO ANFITEATRO","VB",1,68000]
[]
[null,20,"SISTEMA DE CLIMATIZAÇÃO",null,null,null,{"$f":"SUM(G388,G391,G393,G408,G417,G422)","v":0}]
[null,"20.1","EQUIPAMENTOS",null,null,null,{"$f":"SUM(G389:G390)","v":0}]
["S/COD",null,"CONDICIONADOR DE AR TIPO MULTI-SPLIT, CONDENSAÇÃO A AR, CAPACIDADE 12,5 TR, REF. CARRIER (ou similar)","unid.",2,24540.999999999996]
["S/COD",null,"CONDICIONADOR DE AR TIPO SPLIT CASSETE CAPACIDADE 60.000 BTU/H, REF. CARRIER (ou similar)","unid.",1,10752.5]
[null,"20.2","EQUIPAMENTOS AUXILIARES",null,null,null,{"$f":"SUM(G392)","v":0}]
["S/COD",null,"EXAUSTOR AXIAL MOD. MURO 120 COM VENEZIANA ANTI REFLUXO, REF. MULTIVAC (ou similar)","unid.",1,252.99999999999997]
[null,"20.3","DIFUSÃO DE AR ",null,null,null,{"$f":"SUM(G394:G404)","v":0}]
["S/COD",null,"DIFUSOR DE INSUFLAMENTO REF. TROPICAL MOD. DI 41 +RG 15\"X15\" COM PLENUM Ø30CM","pç",16,170.39879999999999]
["S/COD",null,"GRELHA DE RETORNO P/ PISO REF. TROPICAL MOD. GPEC-500X400 MM (MODULO LATERAL)","pç",2,175.31799999999998]
["S/COD",null,"GRELHA DE RETORNO P/ PISO REF. TROPICAL MOD. GPEC-500X400 MM (MODULO CENTRAL)","pç",5,175.31799999999998]
["S/COD",null,"DAMPER REGULADOR DE VAZÃO REF. TROPICAL MOD. DCV-0 900X600 MM","pç",2,325.61099999999999]
["S/COD",null,"DAMPER SOBRE PRESSÃO REF. TROPICAL MOD. DCV-0 900X600 MM","pç",2,268.125]
["S/COD",null,"TOMADA DE AR EXTERNO COMPLETA REF. TROPICAL MOD. 1000X1000 MM ","pç",1,301.01500000000004]
["S/COD",null,"ATENUADOR DE RUIDO 900X600X900 MM ","pç",2,1358.5]
["S/COD",null,"ATENUADOR DE RUIDO 750X1200X900 MM ","pç",1,1573]
["S/COD",null,"DIFUSOR DE INSUFLAMENTO REF. TROPICAL MOD. DI 32 +RG 9\"X6\" COM PLENUM Ø20CM","pç",3,100.815]
["S/COD",null,"GRELHA DE RETORNO P/ PORTA REF. TROPICAL MOD VSH2M 200X200 MM ","pç",2,65.78]
["S/COD",null,"DAMPER MOTORIZADO TIPO VAV (VAZÃO DE AR VARIAVEL) 350X350MM REF. TROPICAL","pç",1,2145]
["CODIGO","Item","DESCRIMINAÇÃO DO SERVIÇO","UN","QTDE","UNIT (R$)","TOTAL (R$)"]
[]
[]
[null,"20.4","REDE DE DUTOS (CHAVETADOS COM CLASSE DE VEDAÇÃO B, CONFORME SMACNA)",null,null,null,{"$f":"SUM(G409:G416)","v":0}]
["S/COD",null,"DUTOS RETANGULARES EM CHAPA DE AÇO GALVANIZADO #26","Kg",56.15,22.048000000000002]
["S/COD",null,"DUTOS RETANGULARES EM CHAPA DE AÇO GALVANIZADO #24","Kg",622.86,22.048000000000002]
["S/COD",null,"DUTOS RETANGULARES EM CHAPA DE AÇO GALVANIZADO #22","Kg",403.68,22.047999999999998]
["S/COD",null,"DUTOS RETANGULARES EM CHAPA DE AÇO GALVANIZADO #20","Kg",286.10000000000002,22.919]
["S/COD",null,"DUTOS FLEXIVEL Ø30CM ISOLADO TERMICAMENTE ESP. 1\" ","ml",30,12.155000000000001]
["S/COD",null,"DUTOS FLEXIVEL Ø10CM, SEM ISOLAMENTO TÉRMICO","ml",1.5,3.0030000000000001]
["S/COD",null,"ISOLAMENTO TÉRMICO EM LÃ DE VIDRO ESPESSURA 1\"","m²",216.8,9.0409963099631003]
["S/COD",null,"FRIO ASFALTO, FITA  NYLON, SELO PLASTICO, COLA, CANTONEIRAS # 26, E MISCELANEAS","vb",1,362.89499999999998]
[null,"20.5","INSTALAÇÕES ELETRICAS / FRIGORÍFICAS",null,null,null,{"$f":"SUM(G418:G421)","v":0}]
["S/COD",null,"QUADRO ELÉTRICO DE FORÇA DOS EQUIPAMENTOS ","cj",1,715]
["S/COD",null,"QUADRO ELÉTRICO DE COMANDO SISTEMA DE AR CONDICIONADO","cj",1,429]
["S/COD",null,"INTERLIGAÇÕES ELETRICAS DOS EQUIPAMENTOS","unid.",3,357.5]
["S/COD",null,"LINHAS FRIGORÍFICAS (KIT COMPLETO COM TUBULAÇÕES, ISOLAMENTO TÉRMICO E CABO PP)","unid.",3,975]
[null,"20.6","SERVIÇOS INDIRETOS",null,null,null,{"$f":"SUM(G423:G425)","v":0}]
["S/COD",null,"TRANSPORTE EQUIPAMENTOS (EXTERNO E INTERNO NA OBRA)","Vb",1,3251.3]
["S/COD",null,"TESTES, AJUSTES E BALANCEAMENTO (T.A.B.)","Vb",1,1951.3]
["S/COD",null,"PROJETO EXECUTIVO E AS BUILT","Vb",1,1301.3]
[]
[null,21,"SISTEMA DE ILUMINAÇÃO",null,null,null,{"$f":"SUM(G428:G438)","v":0}]
["S/COD",null,"LUMICENTER BZ14 - E1LEDW - COM LED (ou similar)","un.",43,117.4]
["S/COD",null,"LUMICENTER EF40 - E12000840 COM LED (ou similar)","un.",53,429.55]
["S/COD",null,"LUMINI 132701 PE 112/30 10° (ou similar)","un.",39,399.91]
["S/COD",null,"LUMINI221906 FOCUS 30 R 30° (ou similar)","un.",42,298.44]
["S/COD",null,"DIMLUX DAX 730-2 (PLAF.EMB.EXTRUÇÃO ALUM. 2X (T5 28W) OU( T8 32W OU 40W) (ou similar)","un.",4,288.11]
["S/COD",null,"STILO CLEAN APUS 10.397 (ou similar)","un.",1,374.55]
["S/COD",null,"LUMINI FE1550/214 (ou similar)","un.",2,228.6]
["S/COD",null,"MASTER LED PAR30 PHILIPS (ou similar)","un.",39,128.88]
["S/COD",null,"MASTER LED PAR30 PHILIPS (ou similar)","un.",42,128.88]
["S/COD",null,"LÂMPADA FLUORESCENTE T5 - 14W - OSRAM (ou similar)","un.",4,7.3]
["S/COD",null,"REAT ELET QTP-5 2X14W-35W/230V OSRAM (ou similar)","un.",2,48.24]
[]
[null,null,"TOTAL GERAL .........................................................................",null,"R$",{"$f":"SUM(G427,G387,G219,G205,G189,G169,G155,G144,G123,G119,G109,G105,G95,G89,G80,G70,G60,G46,G32,G24,G12)","v":0}]
[null,null,{"$f":"fExtenso(F440,1/3,\"Real\",\"Reais\")","v":"zero reais"}]

{"sheet":"Plan1","index":2,"n_rows":0,"n_cols":0,"rows_kept":0,"cut":false,"hidden":false,"merged":[]}